000 00466pab a2200169 454500
008 180718b1998 xxu||||| |||| 00| 0 eng d
100 _aPadayachee, Vishnu
245 _aMalaysian investment in South Africa: some initial observations
260 _c1998
300 _ap.2435-438
362 _a19 Sep
650 _aInvestments, Malaysia
650 _aForeign investment
700 _aValodia, Imraan
773 _aEconomic and Political Weekly
909 _a38812
999 _c38812
_d38812